Temple y destello / (Record no. 74377)

MARC details
000 -LEADER
fixed length control field 005890c a2200193 4500
008 - FIXED-LENGTH DATA ELEMENTS--GENERAL INFORMATION
fixed length control field a t19881988mx a spa
020 ## - INTERNATIONAL STANDARD BOOK NUMBER
International Standard Book Number 9686164537
050 ## - LIBRARY OF CONGRESS CALL NUMBER
Classification number HD9574.M6
Item number L69 1988
100 ## - MAIN ENTRY--PERSONAL NAME
Personal name Lozada, Javier
245 ## - TITLE STATEMENT
Title Temple y destello /
Statement of responsibility, etc Javier Lozada.
250 ## - EDITION STATEMENT
Edition statement Edición Conmemorativa
260 ## - PUBLICATION, DISTRIBUTION, ETC. (IMPRINT)
Place of publication, distribution, etc México :
Name of publisher, distributor, etc Petróleos Mexicanos,
Date of publication, distribution, etc c1988
300 ## - PHYSICAL DESCRIPTION
Extent 439 p. :
Other physical details il. ;
Dimensions 23 cm.
504 ## - BIBLIOGRAPHY, ETC. NOTE
Bibliography, etc Incluye índice
650 ## - SUBJECT ADDED ENTRY--TOPICAL TERM
Topical term or geographic name as entry element Petróleo
Geographic subdivision México
General subdivision Historia
Source of heading or term Lemb
650 ## - SUBJECT ADDED ENTRY--TOPICAL TERM
Topical term or geographic name as entry element Industria del petroleo
Geographic subdivision México
General subdivision Historia
Source of heading or term Lemb
942 ## - ADDED ENTRY ELEMENTS (KOHA)
Source of classification or shelving scheme Biblioteca del Cogreso de los Estados Unidos
Koha item type Libro
Holdings
Estado de pérdida Fuente de clasificación Estado del daño No para préstamo Ubicación permanente Ubicación actual Apartado o colección Fecha de adquisición Edición Enumeración de Serie / Cronológica Clasificación Código de Barras Date last seen Número de copia Tipo de recurso Nota pública
  Biblioteca del Cogreso de los Estados Unidos   Consulta Biblioteca de la Facultad de Ingeniería Química Biblioteca de la Facultad de Ingeniería Química General 07/10/2014 1a ed. BIQO000000090 HD9574.M6 L69 1988 BIQO000000090 18/10/2017 C:1 Libro Solo lectura